| 000 | 01335nam a2200241Ia 4500 | ||
|---|---|---|---|
| 999 |
_c54157 _d54157 |
||
| 001 | 21213 | ||
| 003 | GE_BSU | ||
| 005 | 20210804150204.0 | ||
| 008 | 181216s ||||ge |||||||||||||| ||geo|| | ||
| 020 | _a9789941097577 | ||
| 040 | _cGE_BSU | ||
| 041 | _ageo | ||
| 080 | _a368(075.8) ვ-39 | ||
| 100 |
_aვერულავა, თენგიზ _9556 |
||
| 245 |
_aსადაზღვევო საქმის საფუძვლები : _b[სახელმძღვანელო] / _cთენგიზ ვერულავა. |
||
| 264 |
_aთბილისი : _bჯანდაცვის პოლიტიკისა და დაზღვევის ცენტრი, _c2017. |
||
| 300 |
_a82 გვ. ; _c29 სმ. |
||
| 500 | _aსახელმძღვანელოში განხილულია დაზღვევის განვითარების ეტაპები : ურთიერთდახმარება,კომერციული დაზღვევა,რისკის ცნება,ზარალი,რისკის მართვა და სხვ. | ||
| 541 | _h11ლ.90თ. | ||
| 653 | _aდაზღვევა | ||
| 653 | _aსადაზღვევო საქმის საფუძვლები | ||
| 942 |
_cBK _2udc |
||